Superficiales: (Record no. 232992)
[ view plain ]
| 000 -CABECERA | |
|---|---|
| campo de control de longitud fija | 00676nam a2200205Ia 4500 |
| 001 - NÚMERO DE CONTROL | |
| campo de control | 13238 |
| 008 - DATOS DE LONGITUD FIJA--INFORMACIÓN GENERAL | |
| campo de control de longitud fija | 250715b |||||||| |||| 00| 0 spa d |
| 020 ## - NÚMERO INTERNACIONAL ESTÁNDAR DEL LIBRO | |
| Número Internacional Estándar del Libro | 978-607-110-968-2 |
| 041 ## - CÓDIGO DE LENGUA | |
| Código de lengua del texto/banda sonora o título independiente | spa |
| 082 ## - NÚMERO DE LA CLASIFICACIÓN DECIMAL DEWEY | |
| Número de clasificación | 612.80285 C31y |
| 100 ## - ENTRADA PRINCIPAL--NOMBRE DE PERSONA | |
| Nombre de persona | Carr, Nicholas |
| 240 ## - TÍTULO UNIFORME | |
| Título uniforme | The shallows. What the internet in Doingto Our Brains |
| 245 ## - MENCIÓN DE TÍTULO | |
| Título | Superficiales: |
| Resto del título | ¿Qué está haciendo internet con nuestras mentes? por Nicholas Carr; Pedro Cifuentes trad. |
| 260 ## - PUBLICACIÓN, DISTRIBUCIÓN, ETC. | |
| Lugar de publicación, distribución, etc. | México: |
| Nombre del editor, distribuidor, etc. | Taurus, 2011 |
| 300 ## - DESCRIPCIÓN FÍSICA | |
| Extensión | 340 p. |
| 490 ## - MENCIÓN DE SERIE | |
| Mención de serie | Taurus. Pensamiento |
| 650 ## - PUNTO DE ACCESO ADICIONAL DE MATERIA--TÉRMINO DE MATERIA | |
| Término de materia o nombre geográfico como elemento de entrada | Internet-Aspectos psicológicos |
| 650 ## - PUNTO DE ACCESO ADICIONAL DE MATERIA--TÉRMINO DE MATERIA | |
| Término de materia o nombre geográfico como elemento de entrada | Internet-Aspectos fisiológicos |
| 700 ## - PUNTO DE ACCESO ADICIONAL--NOMBRE DE PERSONA | |
| Nombre de persona | I.Cifuentes, Pedro trad. |
No items available.
